Chromatographic and electrophoretic techniques / (Record no. 3544)

MARC details
000 -LEADER
fixed length control field 01180nac a22002771i 4500
003 - CONTROL NUMBER IDENTIFIER
control field EG-ScBUE
005 - DATE AND TIME OF LATEST TRANSACTION
control field 20250812092734.0
008 - FIXED-LENGTH DATA ELEMENTS--GENERAL INFORMATION
fixed length control field 250730r19631960enka f b 001 0 eng d
040 ## - CATALOGING SOURCE
Original cataloging agency EG-ScBUE
Language of cataloging eng
Description conventions rda
Transcribing agency EG-ScBUE
Modifying agency EG-ScBUE
082 04 - DEWEY DECIMAL CLASSIFICATION NUMBER
Classification number 544.92
Item number CHR
Edition number 22
245 00 - TITLE STATEMENT
Title Chromatographic and electrophoretic techniques /
Statement of responsibility, etc edited by Ivor Smith, B.Sc., Ph.D., F.R.I.C., Lecturer in Chemistry and Biochemistry, Courtauld Institute, Middlesex Hospital, London ; Postgraduate Lecturer in Chromatographic and Electrophoretic Methods, Brunel College of Technology, London.
250 ## - EDITION STATEMENT
Edition statement Reprint edition.
264 #1 - PUBLICATION, DISTRIBUTION, ETC. (IMPRINT)
Place of publication, distribution, etc London :
Name of publisher, distributor, etc William Heinemann/Medical Books, LTD.,
Date of publication, distribution, etc 1963.
300 ## - PHYSICAL DESCRIPTION
Extent vii, 215 pages :
Other physical details illustrations ;
Dimensions 23 cm
336 ## - CONTENT TYPE
Source rdacontent
Content type term text
Content type code txt
337 ## - MEDIA TYPE
Media type term unmediated
Source rdamedia
Media type code n
338 ## - CARRIER TYPE
Carrier type term volume
Carrier type code nc
Source rdacarrier
504 ## - BIBLIOGRAPHY, ETC. NOTE
Bibliography, etc Includes bibliographical references and index.<br/>
505 1# - FORMATTED CONTENTS NOTE
Formatted contents note volume 2. Zone electrophoresis.
650 #7 - SUBJECT ADDED ENTRY--TOPICAL TERM
Topical term or geographic name as entry element Chromatographic analysis.
Source of heading or term BUEsh
650 #7 - SUBJECT ADDED ENTRY--TOPICAL TERM
Topical term or geographic name as entry element Electrophoresis.
Source of heading or term BUEsh
655 ## - INDEX TERM--GENRE/FORM
Form subdivision Reading book
700 1# - ADDED ENTRY--PERSONAL NAME
Personal name Smith, Ivor,
Relator term editor.
942 ## - ADDED ENTRY ELEMENTS (KOHA)
Koha item type Book - Borrowing
Source of classification or shelving scheme Dewey Decimal Classification
Holdings
Withdrawn status Lost status Source of classification or shelving scheme Damaged status Not for loan Collection code Home library Current library Shelving location Date acquired Source of acquisition Total Checkouts Full call number Barcode Date last seen Koha item type
    Dewey Decimal Classification     مكتبة الاسكندرية Central Library Central Library First floor 29/04/2007 Donation   544.92 CHR 000030239 15/07/2025 Book - Borrowing